| 000 | 01765nam a22004697a 4500 | ||
|---|---|---|---|
| 001 | 0008665 | ||
| 003 | KOHA_MİRAKIL | ||
| 005 | 20260207001643.0 | ||
| 007 | ta | ||
| 008 | 091009b2008 tu |||gr||||#0|||0|tur | | ||
| 020 | _a9789751620934 | ||
| 040 |
_aTR-BiSEU _btur _cTR-BiSEU _erda |
||
| 041 | 0 | _atur | |
| 044 | _ctu | ||
| 050 |
_aLF3245 _b.A43 2008 |
||
| 100 | 1 | _aAlan, Gülbadi. | |
| 245 | 1 |
_aAmerikan Board'ın Merzifon'daki faaliyetleri ve Anadolu Koleji misyonerlik/ _cGülbadi Alan ; Gülbadi Alan. |
|
| 264 | 1 |
_aAnkara : _bAtatürk Kültür, Dil ve Tarih Yüksek Kurumu _c2008 |
|
| 300 | _aXX, 650 sayfa; 24 cm. | ||
| 336 |
_ametin _btxt _2rdacontent |
||
| 337 |
_aaracısız _bn _2rdamedia |
||
| 338 |
_acilt _bnc _2rdacarrier |
||
| 490 | 1 | _aAtatürk Kültür, Dil ve Tarih Yüksek Kurumu Türk Tarih Kurumu yayınları XVI. | |
| 490 | 1 |
_aDizi-sayı ; _v112. |
|
| 500 | _aKaynakça ve dizin var. | ||
| 650 | 0 |
_aMisyoner okulları, Amerikalı--Türkiye--Merzifon. _921746 |
|
| 650 | 0 |
_aAmerikan okulları--Tarih--Türkiye. _921747 |
|
| 650 | 0 |
_aMisyonerlik faaliyetleri, Amerikalılar--Türkiye. _921748 |
|
| 650 | 0 |
_aAnatolia College (Merzifon, Turkey). _921749 |
|
| 650 | 0 |
_aMerzifon (Turkey). _921750 |
|
| 650 | 0 |
_aAnatolia College (Merzifon, Turkey). _921749 |
|
| 650 | 0 |
_aMissions--Turkey. _921751 |
|
| 650 | 0 |
_aMissions--Educational work. _921752 |
|
| 650 | 0 |
_aSchools, American--Turkey--History. _921753 |
|
| 650 | 0 |
_aMisyon--Türkiye. _921754 |
|
| 650 | 0 |
_aMisyon--Eğitim işi. _921755 |
|
| 650 | 0 |
_aOkullar--Amerikalılar. _921756 |
|
| 830 | 1 |
_aAtatürk Kültür, Dil ve Tarih Yüksek Kurumu Türk Tarih Kurumu yayınları XVI. _920640 |
|
| 830 | 1 |
_aDizi-sayı ; _v112. _916290 |
|
| 907 | _aTarih | ||
| 942 |
_2lcc _cBK |
||
| 999 |
_c8637 _d8637 |
||